000 00627cam a2200133 4500500
005 20260111091206.0
041 _afre
042 _adc
245 0 0 _aKlinkhammer W., Krankenhausseelsorge in staatlichen und kirchlichen Recht. Eine vergleichende Darstellung, coll. Studia theologica Budapestinensia 21, Budapest, Márton Áron Kiadó, 2000, 20x14, 231 p. ISBN 963-9011-59-2
260 _c2005.
500 _a14
786 0 _nNouvelle revue théologique | 127 | 1 | 2005-01-03 | p. 156u-169u | 0029-4845
856 4 1 _uhttps://shs.cairn.info/revue-nouvelle-revue-theologique-2005-1-page-156u?lang=fr&redirect-ssocas=7080
999 _c1620537
_d1620537